[Event "BLR-ch U18"]
[Site "Orsha"]
[Date "2022.02.11"]
[Round "2"]
[White "Klachkou, Platon"]
[Black "Khaletski, Ihar"]
[Result "1-0"]
[WhiteElo "2007"]
[BlackElo "1421"]
[PlyCount "39"]
[EventDate "2022.02.10"]
[EventType "swiss"]
[EventRounds "9"]
[EventCountry "BLR"]
[SourceTitle "CBM 207 Extra"]
[Source "ChessBase"]
[SourceDate "2022.05.31"]
[SourceVersion "1"]
[SourceVersionDate "2022.05.31"]
[SourceQuality "1"]

1. d4 g6 2. c4 Bg7 3. Nc3 e6 4. h4 h6 5. Nf3 Ne7 6. e4 0-0 7. h5 g5 8. Nxg5 hxg5 9. h6 Ng6 10. hxg7 Kxg7 11. e5 d6 12. Ne4 dxe5 13. Bxg5 f6 14. Bh6+ Kf7 15. Bxf8 Qxf8 16. Rh7+ Ke8 17. Qh5 Nd7 18. Qxg6+ Kd8 19. dxe5 c6 20. 0-0-0 1-0